| 000 | 00745nam a2200205 i 4500 | ||
|---|---|---|---|
| 001 | 172619 | ||
| 003 | ES-MaACL | ||
| 005 | 20230906215002.0 | ||
| 008 | 090730s1953 be |||| | fre d | ||
| 080 | _a811.112.5 | ||
| 100 | 1 |
_aChérel, Alphonse. _9141125 |
|
| 245 | 1 | 3 |
_aLe Néerlandais sans peine / _cA. Chérel ; Nouvelle orthographe par H. Opdebeek. |
| 260 |
_aParis ; _aBruxelles : _bAssimil, _c[1953] |
||
| 300 |
_aVII, 439 p. : _bil. ; _c18 cm. |
||
| 490 | 1 | _aMéthodes Assimil. Méthode quotidienne Assimil | |
| 650 | 4 |
_aLengua holandesa. _914262 |
|
| 830 | 0 |
_aMéthodes Assimil. Méthode quotidienne Assimil _9223390 |
|
| 852 | 4 |
_aES-MaACL _jE-12908 _9R.139436 _z. - Biblioteca Jacinto Martínez Lacalle |
|
| 999 |
_c172619 _d172619 |
||